| 000 | 00551nam a2200193Ia 4500 | ||
|---|---|---|---|
| 003 | GCL | ||
| 008 | 140319s9999 xx 000 0 ara d | ||
| 040 |
_aGCL / _cGCL |
||
| 082 | 0 | 4 |
_a939.4 _bز ا |
| 100 | 1 | _aزيدان كفافى | |
| 245 | 1 | 0 |
_aالاردن فى العصور الحجرية / _cزيدان كفافى |
| 260 |
_a[S.N] : _bمنشورات لجنة تاريخ الاردن ، _c1992 |
||
| 300 | _a252 ص | ||
| 490 | _a | ||
| 650 | 0 | 4 | _aتاريخ |
| 650 | 0 | 4 | _aالاردن |
| 650 | 0 | 4 | _aالعصر الحجرى |
| 942 |
_2ddc _cBK |
||
| 999 |
_c35717 _d35717 |
||